Discursos leídos en la sesión inaugural del año académico de 1878-79 de la Sociedad Ginecológica Española, verificada el día 2 de febrero de 1879 / (Record no. 20984)

MARC details
000 -LEADER
campo de control de longitud fija 01141nam a2200229 i 4500
001 - NÚMERO DE CONTROL
campo de control 20984
003 - IDENTIFICADOR DE NÚMERO DE CONTROL
campo de control ES-MaACL
005 - FECHA Y HORA DE LA ÚLTIMA TRANSACCIÓN
campo de control 20230906152409.0
007 - CAMPO FIJO DE DESCRIPCIÓN FÍSICA--INFORMACIÓN GENERAL
campo de control de longitud fija t|
008 - DATOS DE LONGITUD FIJA--INFORMACIÓN GENERAL
campo de control de longitud fija 021120s1879 sp ||||1| spa d
100 1# - ENTRADA PRINCIPAL--NOMBRE DE PERSONA
Nombre de persona Rodriguez Rubí y Pacheco, Angel.
9 (RLIN) 98780
245 10 - MENCIÓN DEL TÍTULO
Título Discursos leídos en la sesión inaugural del año académico de 1878-79 de la Sociedad Ginecológica Española, verificada el día 2 de febrero de 1879 /
Mención de responsabilidad, etc. por Angel Rodríguez Rubí y Pacheco, y Gabriel de Alarcón.
260 ## - PUBLICACIÓN, DISTRIBUCIÓN, ETC.
Lugar de publicación, distribución, etc. Madrid :
Nombre del editor, distribuidor, etc. [s.n.],
Fecha de publicación, distribución, etc. 1879 (
Fabricante Imp. de Alejandro Gómez Fuentenebro)
300 ## - DESCRIPCIÓN FÍSICA
Extensión 56 p. ;
Dimensiones 25 cm.
505 8# - NOTA DE CONTENIDO CON FORMATO
Nota de contenido con formato Contiene: el discurso "Reseña de los trabajos verificados por la Sociedad en el curso anterior", del Sr. Rodríguez Rubí y el del Sr. Alarcón sobre "La menospausia o edad crítica de la mujer"
530 ## - NOTA DISPONIBLE DE FORMULARIO FÍSICO ADICIONAL
Nota de formato físico adicional disponible Disponible en formato digital.
650 #4 - PUNTO DE ACCESO ADICIONAL DE MATERIA--TÉRMINO DE MATERIA
Término de materia o nombre geográfico como elemento de entrada Menopausia.
9 (RLIN) 144329
700 1# - ENTRADA AGREGADA--NOMBRE PERSONAL
Nombre de persona Alarcón y Casanova, Gabriel de.
9 (RLIN) 19147
710 2# - ENTRADA AGREGADA--NOMBRE DE ENTIDAD CORPORATIVA
Nombre de entidad corporativa o nombre de jurisdicción como elemento de entrada Sociedad Ginecológica Española.
9 (RLIN) 6779
852 ## - LOCALIZACIÓN
Ubicación ES-MaACL
Número de control de estantería T-843-F-4
856 ## - LOCALIZACIÓN Y ACCESO ELECTRÓNICOS
Identificador Uniforme de Recursos <a href="http://bdh-rd.bne.es/viewer.vm?id=0000118017&page=1 ">http://bdh-rd.bne.es/viewer.vm?id=0000118017&page=1 </a>
Nota pública Biblioteca Digital Hispánica
Holdings
Estatus retirado Estado de pérdida Estado de daño No para préstamo Colección Biblioteca de origen Biblioteca actual Ubicación en estantería Fecha de adquisición Fuente de adquisición Total de préstamos Signatura topográfica completa Código de barras Visto por última vez Precio de reemplazo Tipo de ítem Koha
        Colección de folletos Biblioteca del Ateneo de Madrid Biblioteca del Ateneo de Madrid Depósito folletos 17/01/2008     T-843-F-4 1021550 23/02/2023 23/02/2023 Folleto